les clubs de Bundesliga 2022/2023 - Statistiques

Statistiques générales
  • Ce quiz a été pris 610 fois
  • Le résultat moyen est 10 sur 18
Statistiques - réponses
Championnat club % Correct
Bundesliga Bayer Leverkusen
99%
Bundesliga Borussia Dortmund
98%
Bundesliga Bayern Munich
95%
Bundesliga RB leipzig
74%
Bundesliga Union Berlin
64%
Bundesliga Eintracht Francfort
60%
Bundesliga Stuttgart
59%
Bundesliga Wolfsbourg
57%
Bundesliga Werder Bremen
55%
Bundesliga Schalke 04
53%
Bundesliga cologne
52%
Bundesliga Fribourg
48%
Bundesliga Mayence
46%
Bundesliga Hoffenheim
43%
Bundesliga Monchengladbach
43%
Bundesliga Augsbourg
36%
Bundesliga Bochum
33%
Bundesliga Hertha berlin
32%
Aucun quiz correspondant
Distribution des résultats
% des personnes avec chaque résultat
Percentile par nombre de réponses
Votre historique - résultats
Vous n’avez pas pris ce quiz